Visualizzazione normale
Vista MARC
- Boccherini Luigi
di Personal Name
Records bibliografici associati: 1
001 - CONTROL NUMBER
- control field: 17397
003 - CONTROL NUMBER IDENTIFIER
- control field: IT-RoPau
005 - DATE AND TIME OF LATEST TRANSACTION
- control field: 20140324222242.0
008 - FIXED-LENGTH DATA ELEMENTS
- fixed length control field: 140324|| aca||aabn | a|a d
040 ## - CATALOGING SOURCE
- Original cataloging agency: IT-RoPau
- Transcribing agency: IT-RoPau
100 ## - HEADING--PERSONAL NAME
- Personal name: Boccherini Luigi
- Relator term: Autore musica
- Miscellaneous information: Codice autore musica SPICS: 7898
- Name of part/section of a work: Minuetto dal quintetto per archi op 13 n 5 - Concerto per violoncello e archi in si bemolle maggiore
670 ## - SOURCE DATA FOUND
- Source citation: Work cat.: (IT-RoPau)98974: Viotti Giovanni Battista 17393, Vivaldi e i grandi musicisti italiani del '600 e '700-vol. 9